000 00636nam a2200241Ia 4500
003 OSt
005 20220926034941.0
006 a|||||r|||| 00| 0
007 ta
008 220923b |||||||| |||| 00| 0 eng d
037 _cGeneral Book
040 _aRTL
_cRTL
_beng
041 _2eng
_aeng
082 _aX:8F, J43
110 _aBritish Institute of management
_9276417
245 0 _aAccounts for management
260 _c1954
490 _aFinancial management series
650 _aBudgeting
700 _aBritish Institute of management
_9276418
942 _hX:8F, J43
_cGB
_2CC
999 _c660858
_d660858